Tribhuvan University Central Library
Normal view MARC view
  • Polymorphism

Entry Topical Term

Number of records used in: 1

001 - CONTROL NUMBER

  • control field: 16331

003 - CONTROL NUMBER IDENTIFIER

  • control field: OSt

005 - DATE AND TIME OF LATEST TRANSACTION

  • control field: 20110212112455.0

008 - FIXED-LENGTH DATA ELEMENTS

  • fixed length control field: 110212|||a|||||| | ||| d

040 ## - CATALOGING SOURCE

  • Original cataloging agency: OSt
  • Transcribing agency: OSt

150 ## - HEADING--TOPICAL TERM

  • Topical term or geographic name as entry element: Polymorphism

670 ## - SOURCE DATA FOUND

  • Source citation: Work cat.: (OSt)50920: Merrell, David John, 1919- 10650, Ecological genetics, 1981

670 ## - SOURCE DATA FOUND

  • Source citation: Work cat.: (OSt)50920: Merrell, David John, 1919- 10650, Ecological genetics, 1981